Advanced chemical rocket propulsion /

Bibliographic Details
Main Author: Timnat, Y. M.
Format: Book
Language:English
Published: London ; Orlando : Academic Press, 1987.
Series:Combustion treatise.
Subjects:

MARC

Tag First Indicator Second Indicator Subfields
LEADER 00000cam a22000008a 4500
001 in00000014904
005 20151007052923.0
008 870513s1987 enka b 00110 eng d
010 |a gb 87026879  
015 |a GB87-26879 
020 |a 0126913552 :  |c £30.00 (July) 
035 |a (OCoLC)16092891 
035 |9 AAA9705AM 
040 |a UKM  |c UKM  |d TXA  |d UtOrBLW 
049 |a TXAM  |c [A11071451] 
050 4 |a TL783  |b .T55 1987 
082 0 |a 662/.666  |2 19 
100 1 |a Timnat, Y. M. 
245 1 0 |a Advanced chemical rocket propulsion /  |c Y.M. Timnat. 
264 1 |a London ;  |a Orlando :  |b Academic Press,  |c 1987. 
300 |a xiii, 286 pages :  |b illustrations ;  |c 23 cm. 
336 |a text  |b txt  |2 rdacontent 
337 |a unmediated  |b n  |2 rdamedia 
338 |a volume  |b nc  |2 rdacarrier 
490 1 |a Combustion treatise 
504 |a Includes bibliography and index. 
650 0 |a Rockets (Aeronautics)  |x Fuel. 
830 0 |a Combustion treatise. 
999 |a MARS 
999 f f |s f0cc3a99-020b-328d-b3a3-0d8452792d9e  |i ac82aa35-c9e0-311b-88f0-3cc1fa99eba2  |t 0 
952 f f |p normal  |a Texas A&M University  |b College Station  |c Sterling C. Evans Library  |s Evans stk  |d Evans: Library Stacks  |t 0  |e TL783 .T55 1987  |h Library of Congress classification  |i unmediated -- volume  |m A14811071451 
998 f f |a TL783 .T55 1987  |t 0  |l Evans: Library Stacks